The empire and the papacy, 918-1273 /

محفوظ في:

المؤلف الرئيسي: Tout, T. F. 1855-1929 (مؤلف)

التنسيق: كتاب

اللغة: English

منشور في: London : Rivingtons, 1921.

الطبعة: 9th ed.

سلاسل: Periods of European history ; 2.

الموضوعات:

الوسوم: إضافة وسم

لا توجد وسوم, كن أول من يضع وسما على هذه التسجيلة!

رقم الطلب: D201 .T7 1921

LEADER 00805nam a2200277ui 4500
001 651
003 OSt
005 20251203111411.0
008 130303s1921 enk 001 0 eng d
035 |a rdb04515183 
040 |c ARCE Library 
050 4 |a D201 .T7 1921 
100 1 |a Tout, T. F.  |q (Thomas Frederick),  |d 1855-1929,  |e author  |9 41227 
245 1 4 |a The empire and the papacy, 918-1273 /  |c by T. F. Tout. 
250 |a 9th ed. 
264 1 |a London :   |b Rivingtons,   |c 1921. 
300 |a vii, 526 pages ;  |c 19 cm. 
490 1 |a Periods of European history ;   |v 2. 
500 |a Includes index. 
650 0 |a Papacy. 
651 0 |a Europe  |x History. 
651 0 |a Holy Roman Empire  |x History  |y 843-1273. 
830 0 |a Periods of European history ;  |v 2. 
901 |a reviewed 
942 |c BK  |2 lcc 
999 |c 2833  |d 2833